Responses for Show #1141 - Monday, July 17, 1989

1989 Senior Tournament semifinal game 1.

Contestants

Markee Bourget, a housewife from West Saint Paul, Minnesota

Gil Hennegar, an accountant from Baltimore, Maryland

Bob Drez, a teacher from Hattiesburg, Mississippi

[next game >>]

Jeopardy! Round responses

PENNSYLVANIANS
EARTHQUAKES
WINE
FILM FACTS
CRIME & PUNISHMENT
"T" TIME
    $100 13
Louisa May Alcott

Markee
    $100 23
the Pacific Ocean

Bob
    $100 1
pineapple

Bob
    $100 11
(Gil: What is Goldwater?)
[Laughter]
...
(Alex: Perhaps Gil was thinking about a politician.)

Goldfinger

GilMarkee
    $100 18
the FBI (Federal Bureau of Investigation)

Triple Stumper
    $100 6
tongue

Bob
    $200 14
the department store

Bob
    $200 24
(Bob: What is 300?)
(Gil: What is 3,000?)
...
(Alex: We have a minute left in this round.)

11,000

BobGilMarkee
    $200 2
vinegar

Bob
    $200 12
Israel

Bob
    $200 19
Les Misérables

Gil
    $200 7
a teeter-totter

Bob
    $300 15
(William) McGuffey

Bob
    $300 25
(Charles) Richter

Bob
    $300 3
2

Bob
    $300 28
(Alex: You are just a few of many who did not see [*].)

Ishtar

Triple Stumper
    $300 20
confidence

Gil
    $300 8
tribunal

Triple Stumper
    $400 16
(Andrew) Wyeth

Gil
    $400 26
(Markee: What is Amerijan?)

Russia (the Soviet Union)

BobMarkee
    $400 4
liebfraumilch

Markee
    $400 29
[The end-of-round signal sounds.]

Claude Rains

Markee
    $400 21
O. Henry

Bob
    $400 9
a trifle

Markee
    $500 17
(Markee: Who is [*]?) What is [*]?
(Alex: We need the two?)
(Markee: Oh, Andrew? What is Andrew and...)

Carnegie (and) Mellon

BobMarkee
    $500 27
the epicenter

Gil
    $500 5
beaujolais

Bob
    $500 22
Claudine Longet

Gil
    $800 10
treacle

Markee

Scores at the first commercial break (after clue 14):

Bob Gil Markee
$1,800 -$100 $1,800

Scores at the end of the Jeopardy! Round:

Bob Gil Markee
$3,600 $1,600 $1,500

Double Jeopardy! Round responses

FAMOUS PAIRS
AMERICAN HISTORY
NEWSPAPERS
EUROPEAN CITIES
SHAKESPEAREAN TRIVIA
RADIO SITCOMS
    $200 1
(Gil: Who are the Bobbsey Twins?)

Dick & Jane

Gil
Triple Stumper
    $200 4
a Whig

Markee
    $200 14
Ridders

Markee
    $200 9
Glasgow

Bob
    $200 16
the sonnets

Bob
    $400 2
Judds

Triple Stumper
    $400 5
Henry Clay

Bob
    $400 15
the New York Times

Bob
    $400 10
Milan

Markee
    $3,000 17
(Alex: Bob, I'll need a response.)
(Bob: [Says nothing])

Julius Caesar

Bob
    $600 3
(Markee: AMERICAN HISTORY for $200.)
(Alex: Thank you.)
[Laughter]

Roy

Triple Stumper
    $600 6
John Brown

Bob
    $600 21
Citizen Hearst

Triple Stumper
    $600 11
Barcelona

Gil
    $600 18
The Merry Wives of Windsor

Gil
    $2,000 24
(Alex: Markee?)
(Markee: I don't know.)
...
[The end-of-round signal sounds.]

Patience and Prudence

Markee
    $800 7
the Mexican War

Bob
    $800 22
(Gil: Who is McCormick?)
...
(Alex: We have a minute to go in the round.)

Marshall Field

GilMarkee
    $800 12
Gorky

Markee
    $800 19
Guy Fawkes

Gil
    $1000 8
Henry Wallace

Bob
    $1000 23
(Bob: Who is W. Du Bois?)

Marcus Garvey

Bob
Triple Stumper
    $1000 13
(Markee: What is Paris?)

Reims

GilMarkee
    $1000 20
(Gil: What is the Hundred Years' War?)

the War(s) of the Roses

BobGil

Scores at the end of the Double Jeopardy! Round:

Bob Gil Markee
$4,200 $2,600 $900

[wagering suggestions for these scores]

Final Jeopardy! Round responses

OPERA
(Alex: [Prior to revealing the responses] Well, we know it's not Aida or Lucia di Lammermoor; if you're an opera buff, this should be easy.)
MarkeeWhat is "La Bohème?
$900
GilWhat is La Boheme?
$2,500
BobWhat is La Boheme?
$2,000
La bohème

Final scores:

Bob Gil Markee
$6,200 $5,100 $1,800
Finalist 2nd place: $5,000 3rd place: $5,000

Game dynamics:

Coryat scores:

Bob Gil Markee
$7,200 $2,600 $2,600
22 R,
3 W
(including 1 DD)
9 R,
5 W
12 R
(including 1 DD),
4 W
(including 1 DD)

Combined Coryat: $12,400

[game clues] [game scores] [suggest correction]

Game tape date: 1989-02-28
The J! Archive is created by fans, for fans. Scraping, republication, monetization, and malicious use prohibited; this site may use cookies and collect identifying information. See terms. The Jeopardy! game show and all elements thereof, including but not limited to copyright and trademark thereto, are the property of Jeopardy Productions, Inc. and are protected under law. This website is not affiliated with, sponsored by, or operated by Jeopardy Productions, Inc. Join the discussion at JBoard.tv.